000 00805nam a2200229Ia 4500
003 OSt
005 20220923222344.0
006 a|||||r|||| 00| 0
007 ta
008 220922b |||||||| |||| 00| 0 hin d
024 _a204,620
037 _cTextual
040 _aARTS
_cARTS
_bhin
041 _2hin
_ahin
082 _aO157:3M38:13, J4
100 _aचट्टोपाध्याय, बंकिमचंद; मिश्र, महावीर प्रसाद, अनु.
_9166814
245 0 _aसीताराम
246 _aSītārāma
260 _c1954
942 _hO157:3M38:13, J4
_cTEXL
_2CC
999 _c355368
_d355368